| 000 | 00841nab a2200253 u 4500 | ||
|---|---|---|---|
| 001 | 16086 | ||
| 003 | HDC | ||
| 007 | cr bn ---aaaaa | ||
| 008 | 210201b20090708my ||||| |||| 00| 0 may d | ||
| 040 | _aHDC | ||
| 245 | 0 | _aFelda Tenggaroh 3 Jadi Gedung Makanan | |
| 260 |
_aKuala Lumpur : _bUtusan Melayu (M) Bhd., _c2009 |
||
| 300 | _a1 online resource | ||
| 336 |
_atext _2rdacontent |
||
| 337 |
_acomputer _2rdamedia |
||
| 338 |
_aonline resource _2rdacarrier |
||
| 650 |
_aFood _xReligious aspects _xIslam _9239 |
||
| 650 |
_aHalal food _zMalaysia _9332 |
||
| 710 |
_aUtusan Malaysia, _eissung body |
||
| 856 | _zRequest full-text at [email protected] | ||
| 942 | _2lcc | ||
| 942 | _cNEWS | ||
| 942 | _kNWSO 004038 | ||
| 999 |
_c13402 _d13402 |
||